00738nam a2200241 a 4500001001300000003000900013005001700022008004100039020001000080082001800090100002900108245006200137260003700199300000900236500003500245505002100280650002000301700002900321902000800350942000700358952011800365999001300483nice12345678IN_TiNIC20260116011337.0050524s1958 hola grp 000 0 eng  ac10000a297.0959bVAN aVan Nieuwenhuijze, C A O aAspects of Islam in Post-Colonial Indonesiab Five Essays aHollandbHague and Bandungc1958 a248p aincludes index and biblioraphy2 aAppendix, Index. aIslam-Indonesia1 aVan Nieuwenhuijze, C A O bSRS cBK 001040708StackRoom-aHMIbHMId2007-07-26g100.00l0o297.0959 VANp02796r2007-07-26v100.00w2005-05-24yBK c690d690